000 00427nam a22001697a 4500
003 CEME
005 20210628205130.0
008 210226b xxu||||| |||| 00| 0 eng d
040 _c.
082 _a623.3 RMC'S
100 _aRmcs
_961836
245 _aSurveillance and target acquisition system army command and staff course
260 _aLONDON
_bRMCS
_c1998
300 _a450P
650 _aRMCS
_974095
942 _cBK
_2ddc
999 _c579670
_d579670